=LDR 00000nam 2200000 4500 =001 INLIS000000000021244 =005 20130612120122 =008 ***********************************Ind** =035 ##$$0010-061300000021244 =041 ##$$a Ind =082 ##$$a 340.095 98 =090 ##$$a 340.095 98, Muj s =100 ##$$a Mujiono =245 ##$$a Sistem hukum dan tata hukum Indonesia, Mujiono =260 ##$$a 2000 $b Yogyakarta =300 ##$$a viii, 188 hlm, 21 cm =650 ##$$a Hukum-Indonesia =850 ##$$a NBPNMAT